[Event "Sombor Milicevic Memorial"]
[Site "Sombor"]
[Date "2019.10.16"]
[Round "4"]
[White "Sijacic, Dusan"]
[Black "Vlahovic, Ljubo"]
[Result "1/2-1/2"]
[WhiteElo "1596"]
[BlackElo "1950"]
[PlyCount "54"]
[EventDate "2019.10.09"]
[EventType "swiss"]
[EventRounds "9"]
[EventCountry "SRB"]
[SourceTitle "CBM 192 Extra"]
[Source "Chessbase"]
[SourceDate "2019.11.06"]
[SourceVersion "1"]
[SourceVersionDate "2019.11.06"]
[SourceQuality "1"]

1. e4 c5 2. Nf3 Nc6 3. d4 cxd4 4. Nxd4 g6 5. Nc3 Bg7 6. Be3 Nf6 7. Bc4 d6 8. h3 0-0 9. Bb3 Bd7 10. 0-0 Na5 11. Qd3 Nxb3 12. axb3 a6 13. Nd5 Rc8 14. c3 e6 15. Nxf6+ Bxf6 16. Nf3 Bc6 17. Bd4 d5 18. Bxf6 Qxf6 19. e5 Qe7 20. Nd4 Rfd8 21. b4 Qc7 22. Rfe1 Be8 23. Ra5 Qb6 24. Rea1 Rc4 25. Qd2 Kg7 26. Qg5 Rdc8 27. Qf6+ Kg8 1/2-1/2

[Event "Sombor op 14th"]
[Site "Sombor"]
[Date "2019.03.18"]
[Round "1"]
[White "Kurcubic, Drago"]
[Black "Sijacic, Dusan"]
[Result "1-0"]
[WhiteElo "2121"]
[BlackElo "1605"]
[PlyCount "111"]
[EventDate "2019.03.18"]
[EventType "swiss"]
[EventRounds "9"]
[EventCountry "SRB"]
[SourceTitle "EXT 2020"]
[Source "ChessBase"]
[SourceDate "2019.10.17"]
[SourceVersion "1"]
[SourceVersionDate "2019.10.17"]
[SourceQuality "1"]

1. e4 c5 2. c3 d5 3. exd5 Qxd5 4. d4 Nc6 5. Nf3 e6 6. Be3 cxd4 7. cxd4 Nf6 8. Nc3 Qd8 9. Bc4 Be7 10. 0-0 0-0 11. a3 a6 12. Qe2 Qc7 13. Rac1 Bd7 14. d5 exd5 15. Nxd5 Nxd5 16. Bxd5 Qa5 17. Rfd1 Rad8 18. Bf4 Bf6 19. Ng5 g6 20. Ne4 Bg7 21. Nd6 Qb6 22. Qc4 Be8 23. Nxe8 Rdxe8 24. Bxc6 Rc8 25. Qe4 Rxc6 26. Rxc6 Qxc6 27. Qxc6 bxc6 28. b4 Bb2 29. Rd3 Re8 30. Kf1 Ra8 31. Ke2 a5 32. Rb3 Bd4 33. bxa5 Rxa5 34. Bh6 Ra8 35. Be3 Be5 36. Bc5 Ra6 37. Rb6 Rxb6 38. Bxb6 Kf8 39. Kd3 Ke7 40. g3 Kd7 41. f4 Bc7 42. Bxc7 Kxc7 43. Kc4 Kb6 44. Kb4 f5 45. Kc4 h6 46. Kb4 g5 47. Kc4 g4 48. Kb4 c5+ 49. Kc4 h5 50. a4 Ka5 51. Kxc5 Kxa4 52. Kd5 Kb3 53. Ke5 Kc3 54. Kxf5 Kd3 55. Kg5 h4 56. Kxh4 1-0

[Event "Sombor Milicevic Memorial"]
[Site "Sombor"]
[Date "2017.11.22"]
[Round "5"]
[White "Stanisavljevic, Tijana"]
[Black "Sijacic, Dusan"]
[Result "0-1"]
[WhiteElo "1417"]
[BlackElo "1504"]
[PlyCount "66"]
[EventDate "2017.11.13"]
[EventType "swiss"]
[EventRounds "9"]
[EventCountry "SRB"]
[SourceTitle "EXT 2019"]
[Source "ChessBase"]
[SourceDate "2018.10.10"]
[SourceVersion "1"]
[SourceVersionDate "2018.10.10"]
[SourceQuality "1"]

1. d4 d5 2. Bf4 e6 3. Nf3 c5 4. c3 Nc6 5. e3 Nf6 6. Bd3 Be7 7. b3 b6 8. Qc2 Bb7 9. c4 dxc4 10. Qxc4 Nb4 11. Be2 Ba6 12. Qc1 Bxe2 13. Kxe2 Nfd5 14. Be5 f6 15. Bg3 Qd7 16. Nc3 Rc8 17. Nxd5 exd5 18. Qd2 Qb5+ 19. Kd1 c4 20. Rc1 0-0 21. a3 Nd3 22. Rc3 Bxa3 23. bxc4 dxc4 24. Rxa3 Qb1+ 25. Ke2 Qxh1 26. Ne1 Qxe1+ 27. Qxe1 Nxe1 28. Kxe1 a5 29. Kd2 Rfd8 30. Kc3 Rc6 31. Ra4 Rdc8 32. d5 Rc5 33. Bd6 Rxd5 0-1